| 000 | 01141nam a22002297a 4500 | ||
|---|---|---|---|
| 005 | 20241211143729.0 | ||
| 010 | _aB-761405 | ||
| 020 |
_a9788188318825 _c495.00 |
||
| 035 | _aB-761405 | ||
| 037 | _bउपहार | ||
| 082 | _a511.8 | ||
| 100 |
_aबंद्रवाल, प्रवीण कुमार _974980 |
||
| 245 |
_a20(बीस) गणित प्रोजेक्ट्स / _cप्रवीण कुमार बंद्रवाल |
||
| 246 |
_bby Praveen Kumar Bandrawal _a20 ganita projects |
||
| 260 |
_aनई दिल्ली _bसनशाइन बुक्स _c2022 |
||
| 270 |
_a4760-61, द्वितीय तल, 23 अंसारी रोड, दरियागंज _bनई दिल्ली _e110002 |
||
| 300 |
_a111पृ _c24सेमी (सजिल्द) _bसचित्र |
||
| 650 |
_aगणित _xअध्ययन एवं अध्यापन _974981 |
||
| 650 |
_aMathematics _xStudy and teaching _974982 |
||
| 942 |
_2ddc _cCH _mबंद्रवा _h511.8 |
||
| 999 |
_c207583 _d207583 |
||